| 000 | 00876nam a2200205Ia 4500 | ||
|---|---|---|---|
| 005 | 20240530110938.0 | ||
| 008 | 140319s2021 ua dhf f 000 0 ara d | ||
| 017 |
_a2020/22487 _bمصر. دار الكتب |
||
| 020 | _a9789776809222 | ||
| 040 |
_aGCL / _cGCL |
||
| 082 | 0 | 4 |
_221 _a627.8 _bق/أ س |
| 100 | 0 | _aاحمد محمد على منيسى | |
| 245 | 1 | 2 |
_aالسدود والحواجز المائية فى العالم القديم / _cاعداد احمد محمد على منيسى ؛ مراجعة وتقديم جلال احمد ابوبكر |
| 260 |
_aالقاهرة : _bالمؤسسة الدولية للكناب، _c2021. |
||
| 300 |
_a219 + 129 ص. : _bايض ؛ _c24 سم. |
||
| 650 | 0 | 7 |
_aالسدود _yالعالم القديم |
| 700 | 0 |
_aجلال احمد ابوبكر _eمقدم |
|
| 942 |
_2ddc _cBK |
||
| 999 |
_c66775 _d66775 |
||